000 00775nam0a22002531 4500
001 rc\2777834
005 20250806205223.0
035 _a(NLR Aleph) 006904090
090 _a32063
_c32063
100 _a20110915d1942 u y0rusy50 ca
101 0 _arus
102 _aRU
105 _aab z |||||
200 1 _aДания и Исландия
_fА. Добров
210 _aМосква
_cОгиз. Госполитиздат
_d1942
215 _a40 с.
_cил., карт.
_d19 см.
700 1 _aДобров
_bА.С.
_gАлександр Семенович
801 0 _aRU
_bNLR
_gpsbo
801 1 _aRU
_bELAR
_2rusmarc
852 _aNLR
_jГ02 Г-4/24
942 _cBOOK
945 _aРоссийская национальная библиотека
980 _aNB
980 _aBV